Pád vzhůru : spiritualita pro obě poloviny života / Richard Rohr ; z anglického originálu Falling upward ... přeložila Julie Žemlová
Record details
- ISBN: 978-80-7429-542-3
- Physical Description: 141 stran ; 20 cm
- Edition: Vydání první
- Publisher: Praha : Vyšehrad, 2015
Content descriptions
| Bibliography, etc. Note: | Obsahuje bibliografii a bibliografické odkazy |
Search for related items by series
Available copies
- 1 of 1 copy available at Common Catalog SPOK.
Holds
- 0 current holds with 1 total copy.
Show Only Available Copies
| Location | Call Number / Copy Notes | Barcode | Shelving Location | Status | Due Date |
|---|---|---|---|---|---|
| Jabok Library | PT-7.2/R | 424480036674 | Odborná literatura | Available | - |
| LDR | 01229nam a2200349 i 4500 | ||
|---|---|---|---|
| 001 | 22297 | ||
| 003 | CZ-PrJAB | ||
| 005 | 20150723091214.0 | ||
| 007 | ta | ||
| 008 | 150605s2015 xr e 000 0 cze | ||
| 020 | . | ‡a978-80-7429-542-3 ‡q(brožováno) : ‡cKč 198,00 | |
| 035 | . | ‡a(CZ PrCU)002010534 | |
| 040 | . | ‡aOLA001 ‡bcze ‡dABD064 ‡dABG312 ‡erda | |
| 041 | 1 | . | ‡acze ‡heng |
| 100 | 1 | . | ‡aRohr, Richard, ‡d1943- ‡7xx0004128 ‡4aut |
| 240 | 1 | 0. | ‡aFalling upward. ‡lČesky |
| 245 | 1 | 0. | ‡aPád vzhůru : ‡bspiritualita pro obě poloviny života / ‡cRichard Rohr ; z anglického originálu Falling upward ... přeložila Julie Žemlová |
| 250 | . | ‡aVydání první | |
| 264 | 1. | ‡aPraha : ‡bVyšehrad, ‡c2015 | |
| 300 | . | ‡a141 stran ; ‡c20 cm | |
| 336 | . | ‡atext ‡btxt ‡2rdacontent | |
| 336 | . | ‡atext ‡btxt ‡2rdacontent | |
| 337 | . | ‡abez média ‡bn ‡2rdamedia | |
| 337 | . | ‡abez média ‡bn ‡2rdamedia | |
| 338 | . | ‡asvazek ‡bnc ‡2rdacarrier | |
| 338 | . | ‡asvazek ‡bnc ‡2rdacarrier | |
| 490 | 1 | . | ‡aCesty ; ‡v20. svazek |
| 504 | . | ‡aObsahuje bibliografii a bibliografické odkazy | |
| 653 | 0 | . | ‡aspiritualita ‡amládí ‡astárnutí ‡astáří ‡aživot ‡aduchovní cesta |
| 700 | 1 | . | ‡aŽemlová, Julie ‡7xx0147330 ‡4trl |
| 830 | 0. | ‡aCesty | |
| 910 | . | ‡aABG312 | |
| 901 | . | ‡a22297 ‡b ‡c22297 ‡tbiblio | |